| 000 | 00539nam a2200181 i 4500 | ||
|---|---|---|---|
| 001 | 78140 | ||
| 003 | ES-MaACL | ||
| 005 | 20230906173547.0 | ||
| 007 | t| | ||
| 008 | 041011s1958 sp ||||1| spa d | ||
| 100 | 1 |
_aHarsányi, Zsolt. _961953 |
|
| 245 | 1 | 0 |
_aSin amor _b: novela / _cZsolt Harsányi ; traducción del alemán por Víctor Scholz. |
| 250 | _a[1ª ed.]. | ||
| 260 |
_aBarcelona : _bPlaneta, _c[1958] ( _fPulcra) |
||
| 300 |
_a267 p. ; _c19 cm. |
||
| 700 | 1 |
_aScholz, Víctor. _9104643 |
|
| 852 |
_aES-MaACL _jC-14900 _bR.42887 |
||
| 999 |
_c78140 _d78140 |
||